00398nam a2200145Ia 4500008004100000020001800041041000800059082001900067100002100086245003500107250000600142260006400148300001800212650002200230210716s2013 xx 000 0 und d a9789382332350 aeng a620.00151 ABIM aAbid, Manaullah. aBeginning with c11 and matlab. a1 aNew DelhibI K International Publishing House Pvt Ltdc2013 axii,302/ 2019 aMatlab(620.00151)